Villes de France en 10 lettres - Carte Quiz - Statistiques

Statistiques générales
  • Ce quiz a été pris 680 fois
  • Le résultat moyen est 10 sur 15
Réponses sur la Carte
Les réponses sont colorées sur une échelle allant du rouge au vert en fonction du pourcentage des utilisateurs qui les ont devinées à leur premier essai. Vous pouvez retrouver ces pourcentages ci-dessous.
 
Statistiques - réponses
Réponse % Correct
La Rochelle
96%
Strasbourg
93%
Saint-Denis
90%
Versailles
86%
Concarneau
82%
Montélimar
76%
Draguignan
71%
Thionville
69%
Bar-sur-Aube
64%
Vénissieux
62%
Frontignan
56%
Pontarlier
54%
Montbrison
48%
Bonneville
41%
Val-de-Reuil
36%
Aucun quiz correspondant
Distribution des résultats
% des personnes avec chaque résultat
Percentile par nombre de réponses
Votre historique - résultats
Vous n’avez pas pris ce quiz